[Event "Taastrup 30th Aniversary Open"]
[Site "Taastrup"]
[Date "2002.11.29"]
[Round "8"]
[White "Nolsoe, Eydun"]
[Black "Nielsen, Michael"]
[Result "1-0"]
[WhiteElo "2236"]
[BlackElo "2095"]
[PlyCount "73"]
[EventDate "2002.11.22"]
[EventType "swiss"]
[EventRounds "9"]
[EventCountry "DEN"]
[Source "ChessBase"]
[SourceDate "2003.01.09"]

1. e4 c5 2. Nf3 d6 3. d4 cxd4 4. Nxd4 Nf6 5. Nc3 g6 6. Bc4 Bg7 7. h3 O-O 8. Bb3
Nc6 9. Be3 a5 10. a3 Nxd4 11. Bxd4 Be6 12. O-O Bxb3 13. cxb3 Qd7 14. Qd3 Rfc8
15. Na4 Ra6 16. Nb6 Rxb6 17. Bxb6 Qc6 18. Bd4 Nxe4 19. Bxg7 Kxg7 20. Qe3 Qd5
21. Rad1 Qf5 22. Rfe1 d5 23. Rc1 Rxc1 24. Rxc1 e5 25. Re1 Kf6 26. f3 Ng5 27. f4
Ne4 28. fxe5+ Qxe5 29. Rf1+ Kg7 30. Rd1 Kg8 31. Qd4 Qg3 32. Rc1 Kf8 33. b4 Ng5
34. Rc3 Qe1+ 35. Kh2 Qe6 36. Qh8+ Ke7 37. Rc7+ 1-0

[Event "Taastrup 30th Aniversary Open"]
[Site "Taastrup"]
[Date "2002.11.22"]
[Round "1"]
[White "Nolsoe, Eydun"]
[Black "Pallesen, Jacob"]
[Result "1-0"]
[WhiteElo "2236"]
[BlackElo "2071"]
[PlyCount "59"]
[EventDate "2002.11.22"]
[EventType "swiss"]
[EventRounds "9"]
[EventCountry "DEN"]
[Source "ChessBase"]
[SourceDate "2003.01.09"]

1. e4 c5 2. Nf3 d6 3. d4 cxd4 4. Nxd4 Nf6 5. Nc3 g6 6. Bc4 Bg7 7. h3 O-O 8. Bb3
Nc6 9. Be3 Bd7 10. O-O a6 11. f4 Qa5 12. Qd3 Rac8 13. a3 Nxd4 14. Bxd4 Nh5 15.
Nd5 Bxd4+ 16. Qxd4 Rfe8 17. Kh2 Qc5 18. Qd2 Nf6 19. Rae1 Nxd5 20. exd5 Bb5 21.
Rf3 Qb6 22. f5 Bc4 23. fxg6 fxg6 24. Bxc4 Rxc4 25. Qh6 Qd8 26. Rf7 Kxf7 27.
Qxh7+ Kf6 28. Re6+ Kg5 29. Qxg6+ Kh4 30. g3# 1-0

[Event "Taastrup 30th Aniversary Open"]
[Site "Taastrup"]
[Date "2002.11.26"]
[Round "5"]
[White "Nolsoe, Eydun"]
[Black "Pedersen, Hans Dahl"]
[Result "0-1"]
[WhiteElo "2236"]
[BlackElo "2211"]
[PlyCount "142"]
[EventDate "2002.11.22"]
[EventType "swiss"]
[EventRounds "9"]
[EventCountry "DEN"]
[Source "ChessBase"]
[SourceDate "2003.01.09"]

1. e4 c6 2. d4 d5 3. e5 Bf5 4. Nc3 e6 5. g4 Bg6 6. Nge2 Be7 7. Be3 Bg5 8. f4
Bh4+ 9. Ng3 h5 10. g5 Ne7 11. Bd3 Nd7 12. Bxg6 fxg6 13. Qd3 Qa5 14. O-O-O Bxg3
15. hxg3 O-O-O 16. Kb1 Kb8 17. Ne2 Nf5 18. Bf2 Qb5 19. Qxb5 cxb5 20. Ng1 Rc8
21. Nf3 Rhf8 22. Nh4 Nxh4 23. Rxh4 Rc4 24. Be3 Nb6 25. Rdh1 Rfc8 26. R1h2 a5
27. g4 hxg4 28. Rxg4 b4 29. Rgh4 Ka7 30. R4h3 Ka6 31. Rh7 R4c7 32. Bc1 a4 33.
b3 Kb5 34. Re2 a3 35. Be3 Rg8 36. Reh2 Nc8 37. Rh8 Rxh8 38. Rxh8 Ne7 39. Kc1
Nf5 40. Bf2 Rc3 41. Re8 Rf3 42. Be1 Nxd4 43. Re7 b6 44. Rxg7 Rf1 45. Kd2 Rxf4
46. Rxg6 Rf5 47. Bg3 Nf3+ 48. Ke3 Nxg5 49. Bf4 d4+ 50. Kd3 Rxf4 51. Rxg5 Kc5
52. Rg8 Rf3+ 53. Ke4 Re3+ 54. Kf4 Re1 55. Rc8+ Kb5 56. Re8 Ra1 57. Rxe6 Rxa2
58. Re8 Rxc2 59. Ke4 Rc1 60. Ra8 Rd1 61. Kd5 d3 62. Kd4 Rb1 63. Kxd3 Rxb3+ 64.
Kd4 Rb1 65. e6 Re1 66. Kd5 Re2 67. Kd6 a2 68. e7 b3 69. Ra3 Kb4 70. Ra6 b5 71.
Kd7 Rxe7+ 0-1

[Event "Taastrup 30th Aniversary Open"]
[Site "Taastrup"]
[Date "2002.11.23"]
[Round "2"]
[White "Nordenbaek, Jan"]
[Black "Nielsen, Michael"]
[Result "1-0"]
[WhiteElo "2237"]
[BlackElo "2095"]
[PlyCount "115"]
[EventDate "2002.11.22"]
[EventType "swiss"]
[EventRounds "9"]
[EventCountry "DEN"]
[Source "ChessBase"]
[SourceDate "2003.01.09"]

1. e4 c5 2. Nf3 d6 3. d4 cxd4 4. Qxd4 Nc6 5. Bb5 Bd7 6. Bxc6 Bxc6 7. Nc3 Nf6 8.
Bg5 e5 9. Qd3 Be7 10. Bxf6 Bxf6 11. O-O O-O 12. Rfd1 Be7 13. Nd5 Bxd5 14. Qxd5
Qb6 15. Qb3 Qc6 16. Rd5 Rac8 17. c3 Kh8 18. Rad1 f5 19. exf5 Qd7 20. Rxe5 Rxf5
21. Rxf5 Qxf5 22. Qxb7 Bf6 23. h3 Rf8 24. Qd5 Be5 25. Nxe5 Qxf2+ 26. Kh1 dxe5
27. Qxe5 Qxb2 28. Rd7 Qb1+ 29. Kh2 Qb8 30. Qxb8 Rxb8 31. Rxa7 Rc8 32. Ra3 Kg8
33. Kg3 Kf7 34. Kf3 Ke6 35. Ke3 Rb8 36. c4 Rb2 37. g4 Rh2 38. Kd4 Rd2+ 39. Kc3
Rh2 40. Kb4 g6 41. Re3+ Kd7 42. a4 h5 43. gxh5 gxh5 44. a5 Kc6 45. Ra3 Rb2+ 46.
Kc3 Rh2 47. Kd4 Kb7 48. a6+ Ka7 49. Kd5 Rd2+ 50. Kc6 Rc2 51. c5 Rc4 52. Kd6
Rd4+ 53. Kc7 Rc4 54. c6 h4 55. Kd7 Rd4+ 56. Kc8 Rc4 57. c7 Ka8 58. Rd3 1-0

[Event "Taastrup 30th Aniversary Open"]
[Site "Taastrup"]
[Date "2002.11.28"]
[Round "7"]
[White "Nordenbaek, Jan"]
[Black "Hermansson, Emil"]
[Result "0-1"]
[WhiteElo "2237"]
[BlackElo "2370"]
[PlyCount "54"]
[EventDate "2002.11.22"]
[EventType "swiss"]
[EventRounds "9"]
[EventCountry "DEN"]
[Source "ChessBase"]
[SourceDate "2003.01.09"]

1. e4 c6 2. d4 d5 3. e5 Bf5 4. Nf3 e6 5. Be2 Ne7 6. O-O c5 7. dxc5 Nec6 8. Be3
Nd7 9. c4 dxc4 10. Bxc4 Bxc5 11. Bxc5 Nxc5 12. Nc3 O-O 13. Re1 Qb6 14. Qe2 Rad8
15. b3 Bg4 16. Qe3 Nd7 17. Qg5 Bxf3 18. gxf3 Nd4 19. Kg2 Nc2 20. Ne4 Nxe1+ 21.
Rxe1 Qa5 22. Re3 Qxe5 23. Qh4 h6 24. f4 Qf5 25. Bd3 Nf6 26. Rg3 Rxd3 27. Nxf6+
Qxf6 0-1

[Event "Taastrup 30th Aniversary Open"]
[Site "Taastrup"]
[Date "2002.11.25"]
[Round "4"]
[White "Nordenbaek, Jan"]
[Black "Nolsoe, Eydun"]
[Result "1/2-1/2"]
[WhiteElo "2237"]
[BlackElo "2236"]
[PlyCount "35"]
[EventDate "2002.11.22"]
[EventType "swiss"]
[EventRounds "9"]
[EventCountry "DEN"]
[Source "ChessBase"]
[SourceDate "2003.01.09"]

1. e4 c5 2. Nf3 d6 3. d4 cxd4 4. Nxd4 Nf6 5. Nc3 a6 6. Bg5 e6 7. f4 Be7 8. Qf3
Qc7 9. O-O-O Nbd7 10. g4 b5 11. Bxf6 Nxf6 12. g5 Nd7 13. f5 Bxg5+ 14. Kb1 Ne5
15. Qh5 Qd8 16. Nxe6 Bxe6 17. fxe6 g6 18. exf7+ 1/2-1/2

[Event "Taastrup 30th Aniversary Open"]
[Site "Taastrup"]
[Date "2002.11.27"]
[Round "6"]
[White "Pallesen, Jacob"]
[Black "Kongsted, Halfdan Christian"]
[Result "0-1"]
[WhiteElo "2071"]
[BlackElo "2221"]
[PlyCount "68"]
[EventDate "2002.11.22"]
[EventType "swiss"]
[EventRounds "9"]
[EventCountry "DEN"]
[Source "ChessBase"]
[SourceDate "2003.01.09"]

1. e4 c5 2. Nf3 Nc6 3. d4 cxd4 4. Nxd4 Nf6 5. Nc3 d6 6. Bc4 e6 7. O-O Be7 8.
Be3 O-O 9. f4 d5 10. exd5 exd5 11. Nxc6 bxc6 12. Be2 c5 13. Bf3 Bb7 14. Bf2 Qd7
15. Re1 d4 16. Ne4 Nd5 17. g3 Rad8 18. Nd2 Qc7 19. Qe2 Rfe8 20. Qf1 Nb4 21.
Bxb7 Qxb7 22. Qc4 Qd5 23. Rec1 Qf5 24. a3 Nd5 25. Qd3 Qh3 26. Qf1 Qg4 27. Qd1
Qf5 28. Nc4 Bf6 29. Qd3 Qg4 30. Kf1 h5 31. Re1 h4 32. Re2 Ne3+ 33. Ke1 Nxc2+
34. Qxc2 d3 0-1

[Event "Taastrup 30th Aniversary Open"]
[Site "Taastrup"]
[Date "2002.11.29"]
[Round "8"]
[White "Pallesen, Jacob"]
[Black "Aagaard, Jacob"]
[Result "0-1"]
[WhiteElo "2071"]
[BlackElo "2371"]
[PlyCount "52"]
[EventDate "2002.11.22"]
[EventType "swiss"]
[EventRounds "9"]
[EventCountry "DEN"]
[Source "ChessBase"]
[SourceDate "2003.01.09"]

1. b3 d5 2. Bb2 c6 3. e3 Nf6 4. f4 Bg4 5. Nf3 Nbd7 6. Be2 Qc7 7. O-O e6 8. c4
Bxf3 9. Bxf3 dxc4 10. bxc4 e5 11. fxe5 Nxe5 12. Be2 h5 13. h3 O-O-O 14. Nc3 Kb8
15. d4 Neg4 16. hxg4 hxg4 17. Kf2 Bb4 18. Bd3 Rxd4 19. Nd5 Rxd5 20. cxd5 Rh3
21. Rg1 Rxe3 22. Kxe3 Nxd5+ 23. Kd4 Qb6+ 24. Kc4 Ne3+ 25. Kb3 Be1+ 26. Ka4 Qb4#
0-1

[Event "Taastrup 30th Aniversary Open"]
[Site "Taastrup"]
[Date "2002.11.26"]
[Round "5"]
[White "Pallesen, Jacob"]
[Black "Nordenbaek, Jan"]
[Result "0-1"]
[WhiteElo "2071"]
[BlackElo "2237"]
[PlyCount "110"]
[EventDate "2002.11.22"]
[EventType "swiss"]
[EventRounds "9"]
[EventCountry "DEN"]
[Source "ChessBase"]
[SourceDate "2003.01.09"]

1. e4 e5 2. Nc3 Nf6 3. Nf3 Nc6 4. Bb5 Nd4 5. Bd3 Nxf3+ 6. Qxf3 d6 7. O-O Be7 8.
Bc4 O-O 9. d3 c6 10. h3 b5 11. Bb3 a5 12. a3 Be6 13. Bxe6 fxe6 14. Qe2 Kh8 15.
f4 exf4 16. Bxf4 e5 17. Bd2 Nd7 18. Rxf8+ Nxf8 19. Qg4 Qb6+ 20. Kh1 Qf2 21. Qe2
Qxe2 22. Nxe2 Ne6 23. Rf1 Kg8 24. g3 Bf6 25. Kg2 Kf7 26. Ra1 Ke7 27. a4 b4 28.
b3 d5 29. Be3 dxe4 30. dxe4 Bg5 31. Bb6 c5 32. c3 Ra6 33. cxb4 Rxb6 34. Nc3
Rxb4 35. Nd5+ Kd6 36. Nxb4 cxb4 37. Rd1+ Nd4 38. h4 Be3 39. Rd3 Bc1 40. Rd1 Bb2
41. Rb1 Bc3 42. Kf2 Kc5 43. Ke3 Nxb3 44. Rxb3 Kc4 45. Rb1 b3 46. Rf1 b2 47. g4
Bb4 48. h5 h6 49. g5 hxg5 50. Kf3 Bd2 51. Rb1 Kc3 52. Kg4 Kc2 53. Rxb2+ Kxb2
54. Kf5 Bf4 55. Kg6 g4 0-1

[Event "Taastrup 30th Aniversary Open"]
[Site "Taastrup"]
[Date "2002.11.30"]
[Round "9"]
[White "Pedersen, Hans Dahl"]
[Black "Hartvig, Ove Weiss"]
[Result "0-1"]
[WhiteElo "2211"]
[BlackElo "2286"]
[PlyCount "46"]
[EventDate "2002.11.22"]
[EventType "swiss"]
[EventRounds "9"]
[EventCountry "DEN"]
[Source "ChessBase"]
[SourceDate "2003.01.09"]

1. c4 e5 2. g3 Nc6 3. Bg2 g6 4. Nc3 Bg7 5. e4 d6 6. Nge2 f5 7. d3 Nf6 8. O-O
O-O 9. Nd5 Ne7 10. Nxe7+ Qxe7 11. exf5 gxf5 12. Bg5 h6 13. Bh4 c6 14. d4 Qf7
15. c5 dxc5 16. dxe5 Ng4 17. Qd6 Bxe5 18. Qxc5 Bxb2 19. h3 Bxa1 20. Rxa1 Nf6
21. Nf4 Be6 22. Re1 Rfe8 23. Re5 Nd7 0-1

[Event "Taastrup 30th Aniversary Open"]
[Site "Taastrup"]
[Date "2002.11.25"]
[Round "4"]
[White "Pedersen, Hans Dahl"]
[Black "Nilsson, Nils Specht"]
[Result "1/2-1/2"]
[WhiteElo "2211"]
[BlackElo "2182"]
[PlyCount "128"]
[EventDate "2002.11.22"]
[EventType "swiss"]
[EventRounds "9"]
[EventCountry "DEN"]
[Source "ChessBase"]
[SourceDate "2003.01.09"]

1. c4 c5 2. g3 Nc6 3. Bg2 g6 4. Nc3 Bg7 5. Rb1 d6 6. d3 Nh6 7. Bd2 Nf5 8. a3 a5
9. Nf3 O-O 10. O-O Bd7 11. Ne1 h5 12. h4 e6 13. b3 Rb8 14. Bg5 Bf6 15. Bxf6
Qxf6 16. Ne4 Qe7 17. a4 Rfe8 18. Qd2 Ncd4 19. e3 Nc6 20. Qc3 e5 21. Nf3 b6 22.
Qd2 Nb4 23. Nc3 Bc6 24. e4 Nd4 25. Nxd4 cxd4 26. Ne2 f5 27. Rbe1 fxe4 28. dxe4
Rf8 29. Nc1 Bd7 30. Nd3 Nxd3 31. Qxd3 g5 32. hxg5 Qxg5 33. f4 exf4 34. gxf4
Rxf4 35. Rxf4 Qxf4 36. Qxd4 Qe5 37. Rd1 Qc5 38. Kh1 Bg4 39. Qxd6 Bxd1 40. Qxb8+
Kg7 41. Qg3+ Bg4 42. Qc3+ Kg6 43. Qd3 Qe5 44. Qe3 Qa1+ 45. Kh2 Qe5+ 46. Kg1 Qc5
47. Kf2 Qxe3+ 48. Kxe3 Bd1 49. Kd4 Bxb3 50. c5 bxc5+ 51. Kxc5 Bxa4 52. Kb6 Bc2
53. Kxa5 Kf6 54. Kb4 Ke5 55. Kc3 Bxe4 56. Bh3 Kf4 57. Kd2 Kg3 58. Bd7 Kf2 59.
Be8 h4 60. Bd7 Bf3 61. Be6 Bg2 62. Bd7 Bf3 63. Be6 Kg3 64. Ke1 Bg4 1/2-1/2

[Event "Taastrup 30th Aniversary Open"]
[Site "Taastrup"]
[Date "2002.11.27"]
[Round "6"]
[White "Pedersen, Hans Dahl"]
[Black "Jakobsen, Ole"]
[Result "0-1"]
[WhiteElo "2211"]
[BlackElo "2381"]
[PlyCount "78"]
[EventDate "2002.11.22"]
[EventType "swiss"]
[EventRounds "9"]
[EventCountry "DEN"]
[Source "ChessBase"]
[SourceDate "2003.01.09"]

1. c4 e5 2. g3 Nf6 3. Bg2 d5 4. cxd5 Nxd5 5. Nf3 Nc6 6. O-O Nb6 7. d3 Be7 8. a3
O-O 9. Nbd2 Re8 10. b4 a5 11. b5 Nd4 12. Rb1 a4 13. e3 Nxf3+ 14. Nxf3 Bf8 15.
Qc2 Bf5 16. Ne1 Qc8 17. Bb2 Bd6 18. Qc3 f6 19. Nc2 Bh3 20. d4 Bxg2 21. Kxg2 e4
22. f4 exf3+ 23. Rxf3 Qe6 24. Qd3 Qd5 25. Bc3 Nc4 26. Rd1 Nxa3 27. Nxa3 Bxa3
28. Kf2 Re4 29. Ra1 Bd6 30. Rf1 f5 31. Ke2 g6 32. h3 a3 33. g4 f4 34. Kf2 Rxe3
35. Rxe3 fxe3+ 36. Qxe3 Rf8+ 37. Kg1 Bh2+ 38. Kxh2 Rxf1 39. Bb4 Qh1+ 0-1

[Event "Taastrup 30th Aniversary Open"]
[Site "Taastrup"]
[Date "2002.11.29"]
[Round "8"]
[White "Pedersen, Hans Dahl"]
[Black "Nielsen, Niels Peter"]
[Result "1/2-1/2"]
[WhiteElo "2211"]
[BlackElo "2147"]
[PlyCount "90"]
[EventDate "2002.11.22"]
[EventType "swiss"]
[EventRounds "9"]
[EventCountry "DEN"]
[Source "ChessBase"]
[SourceDate "2003.01.09"]

1. c4 e5 2. g3 Nc6 3. Bg2 g6 4. Nc3 Bg7 5. e4 d6 6. Nge2 Nf6 7. d3 O-O 8. O-O
Be6 9. Nd5 h6 10. f3 Nd7 11. Be3 f5 12. Qd2 Kh7 13. exf5 Bxf5 14. d4 Nb6 15.
Rac1 exd4 16. Nxd4 Ne5 17. b3 Bd7 18. Nc3 Qe7 19. Nd5 Qd8 20. Kh1 Rf7 21. f4
Ng4 22. Bg1 Nxd5 23. Bxd5 Re7 24. Bxb7 Qe8 25. Bg2 c5 26. Rce1 cxd4 27. Rxe7
Qxe7 28. Bxa8 Ne3 29. Re1 Qd8 30. Bf3 Bg4 31. Rxe3 dxe3 32. Qxe3 Qe8 33. Qd3
Bf5 34. Qd1 h5 35. Bf2 Qd8 36. Bxh5 Qa5 37. Bf3 Qxa2 38. Kg1 Bc2 39. Qxd6 Qxb3
40. Qd5 Qb1+ 41. Kg2 Bd3 42. Bg1 Qf1+ 43. Kh1 Bxc4 44. Qb7 Ba6 45. Qb3 Bc4
1/2-1/2

[Event "Taastrup 30th Aniversary Open"]
[Site "Taastrup"]
[Date "2002.11.23"]
[Round "2"]
[White "Pedersen, Hans Dahl"]
[Black "Bromann, Thorbjorn"]
[Result "1/2-1/2"]
[WhiteElo "2211"]
[BlackElo "2366"]
[PlyCount "83"]
[EventDate "2002.11.22"]
[EventType "swiss"]
[EventRounds "9"]
[EventCountry "DEN"]
[Source "ChessBase"]
[SourceDate "2003.01.09"]

1. c4 e5 2. g3 Nf6 3. Bg2 d5 4. cxd5 Nxd5 5. Nf3 Nc6 6. O-O Nb6 7. d3 Be7 8.
Nbd2 O-O 9. a3 a5 10. b3 Re8 11. Bb2 Bf8 12. Rc1 Bg4 13. Rxc6 bxc6 14. Nxe5 Qf6
15. Ne4 Qf5 16. Nxg4 Qxg4 17. Qc2 Re6 18. Bf3 Qf5 19. Bc1 h6 20. Nd2 Qg6 21.
Be4 f5 22. Bf3 h5 23. Nc4 h4 24. Bf4 hxg3 25. hxg3 Nd5 26. Ne5 Qe8 27. Nxc6
Nxf4 28. gxf4 Rg6+ 29. Bg2 Bd6 30. e3 Rxg2+ 31. Kxg2 Qg6+ 32. Kh1 Qh5+ 33. Kg1
Qg4+ 34. Kh1 Qf3+ 35. Kg1 Qg4+ 36. Kh1 Qf3+ 37. Kg1 Kf7 38. Qc4+ Kf8 39. Ne5
Bxe5 40. fxe5 Ra6 41. Qxa6 Qg4+ 42. Kh1 1/2-1/2

[Event "Taastrup 30th Aniversary Open"]
[Site "Taastrup"]
[Date "2002.11.28"]
[Round "7"]
[White "Raetsky, Alexander"]
[Black "Jakobsen, Ole"]
[Result "1-0"]
[WhiteElo "2423"]
[BlackElo "2381"]
[PlyCount "43"]
[EventDate "2002.11.22"]
[EventType "swiss"]
[EventRounds "9"]
[EventCountry "DEN"]
[Source "ChessBase"]
[SourceDate "2003.01.09"]

1. d4 Nf6 2. c4 c5 3. Nf3 cxd4 4. Nxd4 a6 5. Nc3 e6 6. g3 Qc7 7. Bg2 Qxc4 8.
Bf4 Nc6 9. Nb3 Qb4 10. O-O d5 11. Re1 Be7 12. e4 d4 13. Nd5 exd5 14. exd5 Nd8
15. d6 Ne6 16. dxe7 Qb6 17. Rc1 Kxe7 18. Bc7 Qa7 19. Nxd4 Kf8 20. Nxe6+ Bxe6
21. Qd6+ Kg8 22. Rxe6 1-0

[Event "Taastrup 30th Aniversary Open"]
[Site "Taastrup"]
[Date "2002.11.26"]
[Round "5"]
[White "Raetsky, Alexander"]
[Black "Niklasch, Oliver"]
[Result "1-0"]
[WhiteElo "2423"]
[BlackElo "2301"]
[PlyCount "57"]
[EventDate "2002.11.22"]
[EventType "swiss"]
[EventRounds "9"]
[EventCountry "DEN"]
[Source "ChessBase"]
[SourceDate "2003.01.09"]

1. d4 Nf6 2. c4 c5 3. d5 b5 4. Nf3 g6 5. Qc2 bxc4 6. e4 Bg7 7. Bxc4 d6 8. O-O
O-O 9. h3 Nbd7 10. Re1 Rb8 11. Nc3 Qb6 12. Na4 Qb7 13. Bd2 Nb6 14. Nxb6 Qxb6
15. Bc3 Ba6 16. Nd2 Nd7 17. b3 Ne5 18. Rab1 Rb7 19. f4 Nd7 20. e5 dxe5 21. fxe5
Bxc4 22. Nxc4 Qa6 23. e6 Nf6 24. exf7+ Rxf7 25. Re6 Qb5 26. d6 exd6 27. Rbe1
Qd7 28. Rxd6 Qc8 29. Rde6 1-0

[Event "Taastrup 30th Aniversary Open"]
[Site "Taastrup"]
[Date "2002.11.22"]
[Round "1"]
[White "Raetsky, Alexander"]
[Black "Nordenbaek, Jan"]
[Result "1-0"]
[WhiteElo "2423"]
[BlackElo "2237"]
[PlyCount "71"]
[EventDate "2002.11.22"]
[EventType "swiss"]
[EventRounds "9"]
[EventCountry "DEN"]
[Source "ChessBase"]
[SourceDate "2003.01.09"]

1. d4 Nf6 2. c4 g6 3. Nc3 Bg7 4. e4 d6 5. Be2 O-O 6. Bg5 Na6 7. Nf3 c5 8. d5 e6
9. h3 h6 10. Be3 exd5 11. exd5 Re8 12. Qd2 Kh7 13. g4 Ng8 14. h4 Nc7 15. Ng5+
hxg5 16. hxg5+ Nh6 17. gxh6 Bh8 18. O-O-O a6 19. Bg5 f6 20. Bf4 b5 21. f3 bxc4
22. Bxc4 Rb8 23. Rhe1 f5 24. Rxe8 Nxe8 25. g5 Rb4 26. b3 Nc7 27. a4 Na8 28. Na2
Rb8 29. Re1 Nb6 30. Qe3 Be5 31. Bxe5 Nxc4 32. bxc4 Qb6 33. Bc3 Qb1+ 34. Kd2
Qxa2+ 35. Kd3 Rb7 36. Qe8 1-0